Estatísticas para Países mais próximos da Guiné

Clique aqui para jogar o quiz

Estatísticas Gerais

  • Esse quiz foi jogado 21 vezes
  • A pontuação média é 16 de 20

Estatísticas das Respostas

kmpaís% Correto
0Mali
100%
540Gana
95%
0Guiné-Bissau
95%
996Cabo Verde
89%
74Gâmbia
89%
0Libéria
89%
1657Marrocos
89%
1001Níger
89%
1137Nigéria
89%
0Senegal
89%
947Benim
84%
280Mauritânia
84%
0Serra Leoa
84%
1409Argélia
79%
267Burkina Faso
79%
1831Camarões
79%
875Togo
79%
0Côte d'Ivoire
74%
965Saara Ocidental
42%
1684Espanha
26%

Distribuição das Pontuações

Percentil de Números Respondidos

Porcentagem de Pessoas com Cada Pontuação

Sua Pontuação Histórica

Você não jogou esse quiz